Antisperm antibodies and microorganisms in genital secretions: a clinically significant relationship?
Summary. In asymptomatic infertility patients, no significant relationship was found between the presence of antisperm antibodies (ASA) in serum and in semen samples (IgG and/or IgA ASA), differentiated with the mixed antiglobulin reaction (MAR), and the microbial colonization of ejaculates covering...
Saved in:
| Main Authors: | , , , , , , , , |
|---|---|
| Format: | Article (Journal) |
| Language: | English |
| Published: |
1998
|
| In: |
Andrologia
Year: 1998, Volume: 30, Pages: 61-71 |
| ISSN: | 1439-0272 |
| DOI: | 10.1111/j.1439-0272.1998.tb02828.x |
| Online Access: | Verlag, lizenzpflichtig, Volltext: https://doi.org/10.1111/j.1439-0272.1998.tb02828.x Verlag, lizenzpflichtig, Volltext: https://onlinelibrary.wiley.com/doi/abs/10.1111/j.1439-0272.1998.tb02828.x |
| Author Notes: | W. Eggert-Kruse, G. Rohr, S. Probst, R. Rusu, M. Hund, T. Demirakca, J. Aufenanger, B. Runnebaum, D. Petzoldt |
MARC
| LEADER | 00000caa a2200000 c 4500 | ||
|---|---|---|---|
| 001 | 1908877472 | ||
| 003 | DE-627 | ||
| 005 | 20241205221250.0 | ||
| 007 | cr uuu---uuuuu | ||
| 008 | 241118s1998 xx |||||o 00| ||eng c | ||
| 024 | 7 | |a 10.1111/j.1439-0272.1998.tb02828.x |2 doi | |
| 035 | |a (DE-627)1908877472 | ||
| 035 | |a (DE-599)KXP1908877472 | ||
| 035 | |a (OCoLC)1475647729 | ||
| 040 | |a DE-627 |b ger |c DE-627 |e rda | ||
| 041 | |a eng | ||
| 084 | |a 33 |2 sdnb | ||
| 100 | 1 | |a Eggert-Kruse, Waltraud |e VerfasserIn |0 (DE-588)1077958110 |0 (DE-627)837790557 |0 (DE-576)169943186 |4 aut | |
| 245 | 1 | 0 | |a Antisperm antibodies and microorganisms in genital secretions |b a clinically significant relationship? |c W. Eggert-Kruse, G. Rohr, S. Probst, R. Rusu, M. Hund, T. Demirakca, J. Aufenanger, B. Runnebaum, D. Petzoldt |
| 264 | 1 | |c 1998 | |
| 300 | |a 11 | ||
| 336 | |a Text |b txt |2 rdacontent | ||
| 337 | |a Computermedien |b c |2 rdamedia | ||
| 338 | |a Online-Ressource |b cr |2 rdacarrier | ||
| 500 | |a Elektronische Reproduktion der Druck-Ausgabe 27. April 2009 | ||
| 500 | |a Gesehen am 18.11.2024 | ||
| 520 | |a Summary. In asymptomatic infertility patients, no significant relationship was found between the presence of antisperm antibodies (ASA) in serum and in semen samples (IgG and/or IgA ASA), differentiated with the mixed antiglobulin reaction (MAR), and the microbial colonization of ejaculates covering a broad spectrum of microorganisms. Likewise, there was no significant association of ASA with microbial findings in patients' female partners, who also presented without symptoms of genital tract infection and were screened at the same time. Furthermore, ASA in semen (IgG and IgA) were not significantly related to several potential markers of subclinical male sexual gland infection or inflammation (leukocytes, PMN elastase, albumin, C3c) evaluated in aliquots of the same ejaculates used for immunological testing. | ||
| 650 | 4 | |a Antisperm antibodies | |
| 650 | 4 | |a immunologic infertility | |
| 650 | 4 | |a mixed antiglobulin reaction | |
| 650 | 4 | |a semen microbiology | |
| 650 | 4 | |a seminal infection markers | |
| 650 | 4 | |a sexually transmitted diseases | |
| 700 | 1 | |a Rohr, Gerhard |d 1949- |e VerfasserIn |0 (DE-588)1113205717 |0 (DE-627)867117699 |0 (DE-576)167436635 |4 aut | |
| 700 | 1 | |a Probst, Stephan M. |d 1968- |e VerfasserIn |0 (DE-588)1101594640 |0 (DE-627)859780236 |0 (DE-576)174977670 |4 aut | |
| 700 | 1 | |a Boit-Trapcea, Ruxandra |d 1972- |e VerfasserIn |0 (DE-588)123634725 |0 (DE-627)706376153 |0 (DE-576)293800162 |4 aut | |
| 700 | 1 | |a Hund, M. |e VerfasserIn |4 aut | |
| 700 | 1 | |a Demirakça, Traute |d 1961- |e VerfasserIn |0 (DE-588)130261912 |0 (DE-627)496580493 |0 (DE-576)18958369X |4 aut | |
| 700 | 1 | |a Aufenanger, Johannes |d 1954- |e VerfasserIn |0 (DE-588)1126203122 |0 (DE-627)88081389X |0 (DE-576)483767689 |4 aut | |
| 700 | 1 | |a Runnebaum, Benno |d 1933- |e VerfasserIn |0 (DE-588)105969656 |0 (DE-627)690916620 |0 (DE-576)355816253 |4 aut | |
| 700 | 1 | |a Petzoldt, Detlef |d 1936- |e VerfasserIn |0 (DE-588)1140939092 |0 (DE-627)89877764X |0 (DE-576)16253549X |4 aut | |
| 773 | 0 | 8 | |i Enthalten in |t Andrologia |d [Hoboken, NJ : Wiley], 1974 |g 30(1998), suppl. 1, Seite 61-71 |h Online-Ressource |w (DE-627)320475069 |w (DE-600)2009045-6 |w (DE-576)091140390 |x 1439-0272 |7 nnas |a Antisperm antibodies and microorganisms in genital secretions a clinically significant relationship? |
| 773 | 1 | 8 | |g volume:30 |g year:1998 |g supplement:suppl. 1 |g pages:61-71 |g extent:11 |a Antisperm antibodies and microorganisms in genital secretions a clinically significant relationship? |
| 856 | 4 | 0 | |u https://doi.org/10.1111/j.1439-0272.1998.tb02828.x |x Verlag |x Resolving-System |z lizenzpflichtig |3 Volltext |
| 856 | 4 | 0 | |u https://onlinelibrary.wiley.com/doi/abs/10.1111/j.1439-0272.1998.tb02828.x |x Verlag |z lizenzpflichtig |3 Volltext |
| 951 | |a AR | ||
| 992 | |a 20241118 | ||
| 993 | |a Article | ||
| 994 | |a 1998 | ||
| 998 | |g 1140939092 |a Petzoldt, Detlef |m 1140939092:Petzoldt, Detlef |d 910000 |d 911300 |e 910000PP1140939092 |e 911300PP1140939092 |k 0/910000/ |k 1/910000/911300/ |p 9 |y j | ||
| 998 | |g 105969656 |a Runnebaum, Benno |m 105969656:Runnebaum, Benno |d 910000 |d 910400 |e 910000PR105969656 |e 910400PR105969656 |k 0/910000/ |k 1/910000/910400/ |p 8 | ||
| 998 | |g 1126203122 |a Aufenanger, Johannes |m 1126203122:Aufenanger, Johannes |d 60000 |e 60000PA1126203122 |k 0/60000/ |p 7 | ||
| 998 | |g 123634725 |a Boit-Trapcea, Ruxandra |m 123634725:Boit-Trapcea, Ruxandra |d 910000 |d 911300 |e 910000PB123634725 |e 911300PB123634725 |k 0/910000/ |k 1/910000/911300/ |p 4 | ||
| 998 | |g 1101594640 |a Probst, Stephan M. |m 1101594640:Probst, Stephan M. |d 910000 |d 910400 |e 910000PP1101594640 |e 910400PP1101594640 |k 0/910000/ |k 1/910000/910400/ |p 3 | ||
| 998 | |g 1113205717 |a Rohr, Gerhard |m 1113205717:Rohr, Gerhard |d 60000 |e 60000PR1113205717 |k 0/60000/ |p 2 | ||
| 998 | |g 1077958110 |a Eggert-Kruse, Waltraud |m 1077958110:Eggert-Kruse, Waltraud |d 910000 |d 910400 |e 910000PE1077958110 |e 910400PE1077958110 |k 0/910000/ |k 1/910000/910400/ |p 1 |x j | ||
| 999 | |a KXP-PPN1908877472 |e 4616110484 | ||
| BIB | |a Y | ||
| SER | |a journal | ||
| JSO | |a {"person":[{"role":"aut","family":"Eggert-Kruse","given":"Waltraud","display":"Eggert-Kruse, Waltraud"},{"role":"aut","family":"Rohr","display":"Rohr, Gerhard","given":"Gerhard"},{"given":"Stephan M.","display":"Probst, Stephan M.","role":"aut","family":"Probst"},{"family":"Boit-Trapcea","role":"aut","display":"Boit-Trapcea, Ruxandra","given":"Ruxandra"},{"family":"Hund","role":"aut","display":"Hund, M.","given":"M."},{"given":"Traute","display":"Demirakça, Traute","family":"Demirakça","role":"aut"},{"family":"Aufenanger","role":"aut","display":"Aufenanger, Johannes","given":"Johannes"},{"family":"Runnebaum","role":"aut","given":"Benno","display":"Runnebaum, Benno"},{"given":"Detlef","display":"Petzoldt, Detlef","role":"aut","family":"Petzoldt"}],"origin":[{"dateIssuedDisp":"1998","dateIssuedKey":"1998"}],"relHost":[{"note":["Gesehen am 08.02.23"],"language":["eng"],"physDesc":[{"extent":"Online-Ressource"}],"pubHistory":["6.1974-"],"title":[{"title":"Andrologia","subtitle":"official publication of Deutsche Gesellschaft für Andrologie ; first international journal of andrology","title_sort":"Andrologia"}],"disp":"Antisperm antibodies and microorganisms in genital secretions a clinically significant relationship?Andrologia","id":{"zdb":["2009045-6"],"issn":["1439-0272"],"doi":["10.1111/(ISSN)1439-0272"],"eki":["320475069"]},"type":{"media":"Online-Ressource","bibl":"periodical"},"origin":[{"dateIssuedKey":"2024","publisherPlace":"[Hoboken, NJ ; Oxford [u.a.] ; Oxford ; London","dateIssuedDisp":"2024-","publisher":"Wiley] ; Blackwell Science ; Wiley-Blackwell ; Hindawi Limited"}],"part":{"year":"1998","volume":"30","extent":"11","text":"30(1998), suppl. 1, Seite 61-71","pages":"61-71"},"recId":"320475069"}],"recId":"1908877472","name":{"displayForm":["W. Eggert-Kruse, G. Rohr, S. Probst, R. Rusu, M. Hund, T. Demirakca, J. Aufenanger, B. Runnebaum, D. Petzoldt"]},"physDesc":[{"extent":"11 S."}],"language":["eng"],"note":["Elektronische Reproduktion der Druck-Ausgabe 27. April 2009","Gesehen am 18.11.2024"],"type":{"bibl":"article-journal","media":"Online-Ressource"},"id":{"eki":["1908877472"],"doi":["10.1111/j.1439-0272.1998.tb02828.x"]},"title":[{"title":"Antisperm antibodies and microorganisms in genital secretions","subtitle":"a clinically significant relationship?","title_sort":"Antisperm antibodies and microorganisms in genital secretions"}]} | ||
| SRT | |a EGGERTKRUSANTISPERMA1998 | ||